| 000 | 01036nam a2200313 c 4500 | ||
|---|---|---|---|
| 003 | BLK | ||
| 005 | 20250329160218.0 | ||
| 008 | 180408b bul|||||r ||||||| ||bul|| | ||
| 010 | _aKNG00053157000 | ||
| 020 |
_a3-411-07641-0 _bиздат.: Meyer Lexikonverl. |
||
| 040 | _aBLK | ||
| 041 |
_aDEU _cDEU |
||
| 080 |
_aПроизводство на музикални инструменти _b681.81 _x(03) _z681.81(03) |
||
| 139 |
_aLexikon Musikinstrumente _bL 63 |
||
| 245 | 1 | 0 | _aLexikon Musikinstrumente |
| 257 | _aDEU | ||
| 260 |
_аMannheim et al. _bMeyer Lexikonverl. _c1991 |
||
| 300 |
_a590 c _bс ил. _c24 cm |
||
| 380 | _a62 | ||
| 650 | 7 |
_aМузикални инструменти - речници и справочници _2 _9163022 |
|
| 653 | _aмузикални инструменти | ||
| 653 | _aсправочници | ||
| 852 | _aЦб 187828 | ||
| 856 | 4 |
_qpdf _u |
|
| 856 | 4 |
_qpdf _u |
|
| 942 |
_cKNG _n0 |
||
| 944 |
_aCR _c01.01.1999 _k30560 _lГеновева Генчева |
||
| 944 |
_aED _c28.07.2009 _k |
||
| 999 |
_c49307 _d49307 |
||